[Event "Candidates final"]
[Site "Dortmund"]
[Date "2002.07.20"]
[Round "3"]
[White "Leko, Peter"]
[Black "Topalov, Veselin"]
[Result "0-1"]
[WhiteElo "2722"]
[BlackElo "2745"]
[Annotator "Ftacnik,L"]
[PlyCount "122"]
[EventDate "2002.07.18"]
[EventType "match"]
[EventRounds "4"]
[EventCountry "GER"]
[SourceTitle "CBM 090"]
[Source "ChessBase"]
[SourceDate "2002.09.20"]
[SourceVersion "1"]
[SourceVersionDate "2002.09.20"]
[SourceQuality "1"]

1. e4 c5 2. Nf3 e6 3. d4 cxd4 4. Nxd4 a6 5. Bd3 Bc5 6. Nb3 Be7 7. O-O d6 8. c4
b6 9. Nc3 Bf6 {Topalov strives to steer the game away from the book
continuation.} (9... Bb7 10. Qe2 (10. f4 Nd7 11. Be3 Ngf6 12. Qf3 g6 13. Rad1
Qc7 14. Qh3 h5 15. f5 gxf5 16. exf5 e5 17. Be2 Rg8 18. Bf3 Bxf3 19. Qxf3 Rb8
20. Nd2 b5 21. cxb5 axb5 22. Nde4 {1-0 Shirov,A-Agrest,E/Leon 2001/ (44)})
10... Nf6 (10... Nd7 11. a4 (11. f4 Ngf6 12. Bd2 O-O 13. Kh1 Re8 14. Nd4 Qc7
15. Rac1 Rac8 16. b4 Qb8 17. Nb3 g6 18. a4 Qa8 19. a5 d5 20. cxd5 exd5 21. e5
Bxb4 {0-1 Hunt,H-Ciuksyte,D/Varna 2002/ (31)}) 11... Ngf6 12. a5 Nc5 13. Bc2
Nxb3 14. Bxb3 bxa5 15. Rd1 Qc7 16. Ba4+ Bc6 17. Bf4 Bxa4 18. Rxa4 Nd7 19. Rda1
Bf6 20. Rxa5 {1-0 Lindberg,B-Agrest,E/SWE 2002/ (87)}) 11. Bf4 Nbd7 12. Rfd1
Qc7 13. Bg3 O-O 14. a4 Nc5 15. Bc2 Nxb3 16. Bxb3 Rac8 17. Rac1 g6 18. f3 Nd7
19. Ba2 Rfe8 20. Qd2 Ne5 {1/2-1/2 Barria,D-Vehi Bach,V/Barbera/2000/ (31)}) 10.
Qc2 Ne7 11. Be3 Qc7 12. Rfd1 Nd7 13. Qd2 (13. a4 Rb8 14. a5 bxa5 15. Nxa5 Nc5
$11) 13... Bb7 14. Be2 Be5 (14... Rd8 15. Qxd6 Qxd6 16. Rxd6 Bxc3 17. bxc3 Nc8
18. Rd2 Bxe4 19. c5 $1 $16) 15. Bd4 Rd8 16. Rac1 (16. f4 Bxd4+ 17. Qxd4 Nf6 $11
) 16... Bxd4 17. Qxd4 Nf6 18. Na4 Nc8 (18... Bxe4 $6 19. Qxb6 Qxb6 20. Nxb6 Rb8
21. Na4 (21. Rxd6 $2 Nf5) 21... Rb4 22. Nc3 $16) 19. e5 $5 {Excellent idea to
start active operations before black gets a chance to complete his development.
} (19. f3 O-O 20. Qe3 Nd7 $11) 19... dxe5 20. Qxd8+ Qxd8 21. Rxd8+ Kxd8 22. c5
b5 (22... Nd5 23. cxb6 Ncxb6 24. Nxb6 Nxb6 25. Nc5 $14) 23. c6 Ba8 (23... Bxc6
24. Rxc6 bxa4 25. Nc5 a3 26. b3 $11) 24. Nac5 Kc7 (24... Bxc6 25. Nxe6+ Kd7 26.
Nec5+ Kd6 27. Nxa6 $11) 25. Nxa6+ Kb6 26. Bxb5 (26. Nb4 Na7 27. Rc5 Rc8 28.
Rxe5 Bxc6 29. Nxc6 Rxc6 $11) 26... Nd6 {Topalov was forced to play for win at
all costs, so the equalizing variation with 26...Kxb5 was rejected.} (26...
Kxb5 27. Nc7+ Kb6 28. Nxa8+ Ka7 29. Nc7 Kb6 $11) 27. Be2 (27. a4 Nxb5 28. axb5
Kxb5 29. Nc7+ Kb6 30. Nxa8+ Rxa8 31. Nd2 e4 $11) 27... Bxc6 28. Nb4 (28. Nac5
Ra8 29. a3 Nf5 $36) 28... Bd5 29. Nd2 (29. Nxd5+ $2 exd5 $17) 29... Nf5 30.
Nc4+ Bxc4 31. Rxc4 (31. Bxc4 Rc8 32. Nd3 e4 33. Ne5 Nd6 34. b3 Rc5 $15) 31...
Nd4 32. Bf1 (32. Kf1 Ne4 33. Ke1 Ra8 34. a3 Nd6 35. Rc1 g5 $36) 32... Rd8 33.
Nd3 Nc6 {White's pawn majority on the queenside is blocked by the black king
and second player can dream about stirring some trouble on the kingside.} 34.
a4 (34. f3 Ra8 35. a3 Nd5 $13) 34... e4 35. Nc5 Na5 36. Rb4+ (36. Rc2 Rd4 37.
h3 Nd5 $36) 36... Kxc5 37. Rb5+ Kc6 (37... Kd4 38. Rxa5 Rb8 39. Ra7 Rxb2 40.
Rxf7 $11) 38. Rxa5 Nd5 39. Rb5 (39. Ra6+ Kb7 40. a5 Rb8 $13) (39. Ra7 $2 Nc7 $1
40. Ra5 Rb8 $17) 39... Nf4 40. Rb4 f5 41. Rc4+ (41. f3 Nd3 (41... e3 $2 42.
Rxf4 Rd1 43. Rc4+ Kb6 44. Rc2 $18) 42. Rc4+ Kd5 43. b3 Rb8 $15) 41... Kb7 42.
g3 (42. f3 $2 e3 $1 43. Rxf4 Rd1 44. Rb4+ Ka7 $19) 42... Nd3 43. a5 g5 44. Be2
Rd5 45. b4 Ne5 46. a6+ Kb8 (46... Kxa6 47. Rxe4+ Kb6 48. Re3 $11) 47. Rc2 g4
48. Rc5 (48. b5 Nd3 $15) 48... Nf3+ 49. Kf1 $2 {[%mdl 4096] A rare ocassion,
when Leko is showing normal weakness of human chessplayer. Draw was still
available, but white had to find courage for transfer into an original pawn
edngame.} (49. Bxf3 $1 gxf3 (49... Rxc5 $2 50. bxc5 gxf3 (50... exf3 51. c6 $18
) 51. c6 e5 52. Kf1 f4 53. g4 e3 54. g5 $18) 50. Rxd5 exd5 51. b5 Ka7 52. Kf1
d4 53. Ke1 e3 54. fxe3 dxe3 55. h3 h5 56. h4 $11) 49... Nxh2+ 50. Ke1 (50. Kg2
Nf3 $17) 50... Nf3+ 51. Bxf3 (51. Kf1 Rxc5 52. bxc5 Ka7 53. Bb5 Nd2+ 54. Ke1
Nb3 55. c6 Kb6 56. Bc4 Nd4 $19) 51... exf3 (51... Rxc5 52. bxc5 gxf3 53. c6 e5
54. Kd2 h6 55. Ke3 h5 56. Kd2 f4 57. Ke1 e3 58. Kf1 e2+ 59. Ke1 e4 60. Kd2 e3+
$19) 52. Rc6 Re5+ 53. Kd1 (53. Kf1 Ka7 (53... Rb5 54. Rxe6 Rxb4) 54. Rd6 Rb5
55. Rxe6 Rxb4 56. Kg1 Rb1+ 57. Kh2 f4 58. gxf4 Rf1 59. f5 Rxf2+ 60. Kg1 Rc2 $19
) 53... h5 (53... Re2 $2 54. b5 Rxf2 55. b6 $16) 54. b5 Rxb5 55. Rxe6 Rb2 56.
Ke1 (56. Rf6 Rxf2 57. Rxf5 h4 $1 $19) 56... Rb1+ 57. Kd2 Rf1 58. Re5 (58. Ke3
$2 Re1+ $19) 58... f4 59. gxf4 Rxf2+ 60. Ke3 (60. Ke1 g3 61. Re3 h4 $19) 60...
Re2+ 61. Kd3 Ra2 (61... Ra2 62. Rxh5 f2 63. Rh1 g3 $19) 0-1

[Event "Olympiad-38"]
[Site "Dresden"]
[Date "2008.11.22"]
[Round "9"]
[White "Berg, Emanuel"]
[Black "Topalov, Veselin"]
[Result "0-1"]
[WhiteElo "2623"]
[BlackElo "2791"]
[Annotator "Ftacnik,L"]
[PlyCount "62"]
[EventDate "2008.11.13"]
[EventType "team-swiss"]
[EventRounds "11"]
[EventCountry "GER"]
[SourceTitle "CBM 128"]
[Source "ChessBase"]
[SourceDate "2009.01.28"]
[SourceVersion "1"]
[SourceVersionDate "2009.01.28"]
[SourceQuality "1"]
[WhiteTeam "Sweden"]
[BlackTeam "Bulgaria"]
[WhiteTeamCountry "SWE"]
[BlackTeamCountry "BUL"]

1. e4 c5 2. Nf3 e6 3. d4 cxd4 4. Nxd4 a6 5. Bd3 Bc5 6. Nb3 Ba7 7. Nc3 Nc6 8.
Qg4 Nf6 9. Qg3 d6 10. O-O Ne5 11. Be2 O-O {Topalov is the first player on the
world rating list and the level of his theoretical preparation is excellent.
Black have been testing immediate activity with the b7-b5 advance, but the
position was not ripe for it.} (11... b5 12. Bf4 Qe7 (12... b4 13. Rad1 Qe7 14.
Rxd6 Qxd6 15. Bxe5 Qe7 16. Bd6 bxc3 17. Bxe7 Kxe7 18. Qxc3 $18 {1-0 Nisipeanu,
L (2707)-Korneev,O (2601)/Benidorm 2005 (28)}) 13. Rad1 Bb8 14. Qxg7 Rg8 15.
Qh6 b4 16. Na4 Ba7 17. Be3 (17. Bxe5 dxe5 18. Nac5 $16) 17... Neg4 18. Bxg4
Nxg4 19. Qxh7 Qf8 20. Bxa7 Rh8 21. Qxh8 Qxh8 22. h3 Rxa7 23. hxg4 {0-1 Belov,V
(2582)-Kobalia,M (2634)/Moscow 2005 (41)}) 12. Bf4 (12. Kh1 b5 13. f4 Nc4 14.
e5 Ne8 15. a4 Bd7 16. axb5 axb5 17. Ne4 Bc6 18. Bd3 Bxe4 19. Bxe4 d5 20. Bd3 f5
21. c3 Nc7 {1/2 Delchev,A (2669)-Korneev,O (2601)/Benidorm 2005}) 12... Bb8 13.
Rad1 Qe7 14. Be3 {Black's setup with the bishop on b8 supporting the diagonal
b8-h2 is very resilient, even though it seems a bit passive. Probably the most
problems for him would result from the modest advance of the white h-pawn.} (
14. Nd4 Ng6 15. Bg5 h6 16. Bc1 d5 17. Qd3 Ne5 18. Qg3 Nxe4 19. Nxe4 dxe4 20.
Qe3 f5 $17 {0-1 Jimenez,P (2292)-Diamant,A (2384)/Havana 2007 (36)}) (14. h4 $1
b5 15. h5 b4 16. Bh6 Nfg4 17. Bxg4 bxc3 18. Be2 f5 19. bxc3 $14) (14. Bg5 Ng6
15. f4 h6 16. f5 exf5 17. exf5 hxg5 18. fxg6 d5 19. Qxg5 Bxh2+ 20. Kh1 Bc7 $11)
14... b5 15. f4 Nc4 16. Bxc4 (16. Bd4 e5 (16... Nxb2 17. e5 dxe5 18. fxe5 Nd7
19. Rd2 $14) 17. fxe5 dxe5 18. Bc5 Ba7 $11) 16... bxc4 17. Nd2 Bb7 (17... d5
18. e5 Nd7 19. b3 $14) 18. e5 (18. b3 cxb3 19. axb3 Rc8 $11) 18... dxe5 19.
fxe5 Nd5 20. Bg5 $6 {Berg has much improved as a chessplayer and he obviously
likes active solutions. The conservative move 20.Bd4 centralised the bishop
with a modest advantage.} (20. Bd4 Nxc3 21. Qxc3 Qg5 22. g3 Bd5 23. Rde1 $14)
20... Qc5+ 21. Kh1 f5 22. Nde4 $5 {White simply has to succeed on the kingside,
where he enjoys the advantage in number of pieces. The investment of the
knight is bringing him closer to the enemy king.} (22. Bh6 Qc7 23. Nxd5 Bxd5
24. Bf4 Ra7 $15) 22... fxe4 23. Nxe4 (23. Rxf8+ Qxf8 24. Nxe4 Qf5 $19) 23...
Rxf1+ 24. Rxf1 Qc7 (24... Qc6 $2 25. Bh6 Qc7 26. Nd6 $18) 25. Qg4 $2 {[%mdl 64]
Youth loves activity, but this move is pushing things way too far. Topalov's
defensive combination will be quite charming.} (25. Nd6 $1 Qd7 26. Rf7 Qxf7 27.
Nxf7 Kxf7 28. Qf3+ Kg8 29. Qg4 Bc8 30. Qxc4 Bd7 31. Qe4 $11) 25... Qxe5 26. Qh5
h6 (26... g6 27. Qh6 Ba7 $19) 27. Qf7+ Kh7 28. Rf4 (28. Ng3 Ra7 $19) 28... Nxf4
$1 29. Nf6+ (29. Bf6 Qc7 $19) 29... Qxf6 30. Bxf6 Bxg2+ 31. Kg1 Ba7+ {The
final check pointedly elevates the bishop to the role of the hero, as he was
descreetly supporting Black's play for the whole game.} 0-1

[Event "Rostock-08 IM Group"]
[Site "Rostock"]
[Date "1982.08.22"]
[Round "9"]
[White "Lanc, Alois"]
[Black "Neukirch, Detlef"]
[Result "0-1"]
[WhiteElo "2410"]
[BlackElo "2365"]
[Annotator "Ftacnik,L"]
[PlyCount "80"]
[EventDate "1982.08.14"]
[EventType "tourn"]
[EventRounds "9"]
[EventCountry "DDR"]
[EventCategory "4"]
[SourceTitle "MCL"]
[Source "ChessBase"]
[SourceDate "1999.07.01"]
[SourceVersion "1"]
[SourceVersionDate "1999.07.01"]
[SourceQuality "1"]

1. e4 c5 2. Nf3 e6 3. d4 cxd4 4. Nxd4 a6 5. Bd3 Nc6 6. Nxc6 dxc6 7. O-O e5 8.
Nd2 Qc7 9. a4 Bc5 10. Qh5 Nf6 11. Qg5 O-O 12. Nc4 Re8 13. a5 h6 $6 14. Qh4 Nh7
15. Qg3 Kh8 16. Kh1 Nf6 17. Qh4 Be7 18. Qg3 Bc5 19. Bd2 Qe7 20. h3 Nh5 21. Qf3
Nf6 22. Bc3 Bd6 23. Nxd6 Qxd6 24. Kh2 Qc7 25. g4 $6 c5 26. Bc4 Be6 27. Qe2 Rad8
28. Rad1 Rd4 $5 29. Bxd4 exd4+ 30. Kg1 $6 (30. Kg2) 30... Bxg4 $1 31. f3 Bxh3
32. Rf2 Re5 33. Rh2 Rg5+ 34. Kh1 Nh5 35. Rg1 (35. Rxh3 Ng3+ 36. Rxg3 Qxg3 $19)
35... Ng3+ 36. Rxg3 Rxg3 37. e5 Qxa5 38. Qd1 Qc7 39. Qe1 Rxf3 40. Bd5 Re3 (
40... Rf1+) 0-1

[Event "Linares 15th"]
[Site "Linares"]
[Date "1998.02.24"]
[Round "3"]
[White "Shirov, Alexei"]
[Black "Topalov, Veselin"]
[Result "1-0"]
[WhiteElo "2710"]
[BlackElo "2740"]
[Annotator "Ftacnik,L"]
[PlyCount "67"]
[EventDate "1998.02.22"]
[EventType "tourn"]
[EventRounds "12"]
[EventCountry "ESP"]
[EventCategory "21"]
[SourceTitle "CBM 064"]
[Source "ChessBase"]
[SourceDate "1998.06.02"]
[SourceVersion "1"]
[SourceVersionDate "1998.06.02"]
[SourceQuality "1"]

1. e4 c5 2. Nf3 e6 3. d4 cxd4 4. Nxd4 a6 5. Bd3 Qb6 6. Nb3 Qc7 7. Qe2 (7. Nc3
d6 8. O-O Nf6 9. f4 Nbd7 10. Qe2 (10. Qf3 Be7 11. Be3 b5 12. g4 h6 13. Qh3 g6
14. g5 Nh5 15. gxh6 Ndf6 16. f5 gxf5 17. exf5 b4 18. Ne4 e5 19. Kf2 Bb7 {
0-1 Aronian,L-Sulava,N/Cappelle op 1996/ (30)}) (10. Kh1 b5 11. a4 b4 12. Na2
Bb7 13. Qe1 a5 14. c3 Be7 15. cxb4 axb4 16. Nxb4 O-O 17. Bd2 Nc5 18. Nxc5 dxc5
19. e5 Nd7 20. Nc2 {1-0 Agopov,M-Rowson,J/EU-chJM 1997/ (30)}) 10... b5 11. Bd2
Bb7 12. a3 Be7 13. Rae1 e5 14. Nd1 O-O 15. Na5 Rfe8 16. Nxb7 Qxb7 17. Qf3 Bf8
18. Ne3 exf4 19. Ng4 Nxg4 {1/2-1/2 Gallagher,J-Emms,J/Wichern-op 1995/}) 7...
Nf6 8. Nc3 d6 9. f4 Be7 (9... b5 10. g4 Nfd7 11. O-O Be7 12. g5 Nc6 13. a4 b4
14. Nd1 Bb7 15. Be3 g6 16. Nf2 h6 17. gxh6 Rxh6 18. c3 bxc3 19. Rac1 cxb2 20.
Qxb2 Rh4 21. Nd2 Rb8 {0-1 Kurajica,B-Azmaiparashvili,Z/Strumica 1995/ (37)})
10. e5 $5 {Shirov is fully aware, that his e5 pawn is hopelessly exposed, but
his temperament requires space for the pieces.} (10. O-O Nbd7) 10... dxe5 11.
fxe5 Nfd7 12. Bf4 Nc6 13. O-O Ndxe5 (13... Ncxe5 $5 14. Rae1 Qb6+ 15. Kh1 (15.
Be3 Qc7) 15... Nxd3 16. Qxd3 Nf6 $13) 14. Rae1 Qb6+ (14... Bf6 15. Ne4 Be7 16.
Qh5 $44) 15. Kh1 Nxd3 (15... Ng6 16. Be3 Qc7 17. Na4 b5 18. Nb6 Rb8 19. Nxc8
Rxc8 20. c4 $44) 16. Qxd3 O-O 17. Qg3 $1 Kh8 $2 {Topalov misses the point of
white's last move. Apart from chances on the kingside white his hoping to
exploit the weakness of b6 square.} (17... f5 18. Ne4 $5 (18. Bc7 Qb4 19. Rf4 (
19. a3 Qh4) 19... Bd6 20. Bxd6 Qxd6 21. Rxf5 Qxg3 22. Rxf8+ Kxf8 23. hxg3 $11)
18... fxe4 19. Bh6 g6 20. Qc3 Rxf1+ 21. Rxf1 e5 22. Qc4+ Be6 23. Qxe6+ Kh8 24.
Rf7 $18) (17... Qd8 18. Rd1 Bd7 19. Bh6 Bf6 20. Rxd7 Qxd7 21. Rxf6 $18) (17...
f6 18. Ne4 $44) 18. Bc7 Qa7 19. Na4 f6 (19... b5 20. Nb6 Bb7 21. Nxa8 Qxa8 $14)
20. Bb6 Qb8 21. Bc7 Qa7 22. Nb6 e5 (22... Rb8 23. Bxb8 Qxb6 24. Bc7 $16) 23.
Nxa8 Qxa8 24. Rd1 Re8 $2 {Black badly needs a harmonious piece play to
compensate for the material disadvantage and white's attacking chances.} (24...
Bd8 25. Bxd8 Rxd8 26. Rxd8+ Nxd8 27. Qxe5 $18) (24... Be6 25. Bd6 Qe8 26. Nc5
Bc8 $16) 25. Bd6 Bd8 26. Nc5 b6 27. Ne4 Nd4 (27... Bb7 28. Ba3 {/\ Nd6}) 28.
Bxe5 $1 Nf5 (28... Rxe5 $4 29. Qxe5 fxe5 30. Rf8#) (28... Qxe4 29. Bxd4 Qxc2
30. Rde1 $16) (28... fxe5 29. Nd6 Nf5 (29... Qc6 30. Qxe5 $1 (30. Nxe8 Qxe8 31.
Qxe5 Ne6 32. Rd6 $18) 30... Ne6 31. Qd5 Qxd5 32. Rxd5 $18) 30. Rxf5 Bxf5 31.
Nxe8 $18) 29. Qg4 $1 (29. Qd3 $2 Bb7 30. Qd7 Bc6 31. Qxf5 Bxe4 32. Qd7 Be7 33.
Bd4 Bxg2+ $19) (29. Rxf5 Qxe4 30. Rff1 fxe5 $17) 29... Ne3 $2 {Topalov is a
sharp player himself and with this jump he shows great courage. It is somewhat
unpleasant to admit, that such a nice knight jump turns out to be a decisive
mistake.} (29... fxe5 30. Rxf5 Be7 (30... g6 31. Rxe5) 31. Qf3 Bxf5 32. Qxf5
$14) 30. Qh5 Rg8 (30... Rf8 31. Qf7 $3 Rg8 32. Rxd8 Rxd8 33. Bxf6 Rg8 34. Bxg7+
Rxg7 35. Qe8+ Rg8 36. Qe5+ Rg7 37. Rf8#) (30... Qc6 $1 31. Rd6 (31. Rxd8 Rxd8
32. Nxf6 $2 Qxg2#) 31... Qb5 32. Re1 (32. c4 Qxe5) 32... Bg4 (32... Nc4 33.
Rxd8 Rxd8 34. Nxf6 $18) 33. Qf7 Qxe5 (33... Nc4 34. Rxd8 (34. Rxf6 Bxf6 (34...
Nxe5 35. Qf8+) 35. Nxf6 Nd6 36. Qd5 Qxd5 37. Nxd5 Bf5 38. Re3 $16) 34... Rxd8
35. Bxf6 Rg8 36. Nc3 $18) (33... Nxc2 34. Nc3) 34. Rxe3 Bh5 35. Qd5 Qf4 $1 36.
Qd3 (36. Re1 Bc7 37. Qxh5 g6 $13) 36... Bc7 37. g3 $16) 31. Qf3 $1 Nxd1 (31...
Bb7 32. Nd6 Re8 33. Qxb7 Qxb7 34. Nxb7 Nxf1 35. Bd6 Nd2 36. Bg3 Nc4 37. b3 Na3
38. Nxd8 $18) (31... Nxf1 32. Nd6 Qa7 33. Nxc8 Qf7 34. Qxf1 $18) 32. Nd6 $1 {
Black is a piece up, but he will have to drop a lot of material because of the
threat Nf7 mate.} Qa7 $8 (32... Qxf3 33. Nf7#) 33. Nxc8 Qd7 34. Nd6 (34. Nd6
Nxb2 35. Qd5 Rf8 36. Bxb2 $18) 1-0

[Event "Olympiad-38"]
[Site "Dresden"]
[Date "2008.11.23"]
[Round "10"]
[White "Caruana, Fabiano"]
[Black "Kveinys, Aloyzas"]
[Result "1-0"]
[WhiteElo "2640"]
[BlackElo "2533"]
[Annotator "Ftacnik,L"]
[PlyCount "59"]
[EventDate "2008.11.13"]
[EventType "team-swiss"]
[EventRounds "11"]
[EventCountry "GER"]
[SourceTitle "CBM 128"]
[Source "ChessBase"]
[SourceDate "2009.01.28"]
[SourceVersion "1"]
[SourceVersionDate "2009.01.28"]
[SourceQuality "1"]
[WhiteTeam "Italy"]
[BlackTeam "Lithuania"]
[WhiteTeamCountry "ITA"]
[BlackTeamCountry "LTU"]

1. e4 c5 2. Nf3 e6 3. d4 cxd4 4. Nxd4 a6 5. Bd3 Nf6 6. O-O Qc7 7. Qe2 d6 8. f4
Be7 9. c4 Nbd7 10. Nc3 b6 11. Kh1 Bb7 12. Bd2 g6 13. Rac1 O-O 14. f5 {The
youngish Caruana is a great star of Italian chess. At the Dresden Olympiad he
played enterprisingly and with success.} (14. b4 Rfe8 15. Nf3 Bf8 16. a3 Bg7
17. Ng5 Re7 18. Rce1 Rd8 19. Qf2 Nf8 20. Rc1 h6 21. Nf3 {1-0 Dominguez,L (2556)
-Vazquez Igarza,R (2393)/Las Tunas 2001 (45)}) 14... gxf5 (14... Nc5 15. Bc2 e5
16. Nf3 $16) 15. exf5 (15. Bh6 Rfe8 16. exf5 e5 17. Qd2 (17. Nd5 Qd8 18. Nxe7+
Qxe7 19. Rf3 Kh8 (19... Bxf3 20. Qxf3 Kh8 21. Nc6 e4 22. Qf1 $18) 20. Rg3 Rg8
21. Bg5 Qe8 $11) 17... Bf8 18. Bxf8 Rxf8 19. Nc2 $14) 15... e5 16. Nd5 Qd8 (
16... Bxd5 17. cxd5 Nc5 18. Nc6 $140 Nxd5 19. Nxe7+ Qxe7 20. Rxc5 dxc5 21. f6
Nxf6 22. Bg5 $18) 17. Ne6 $5 {Under rigorous consideration, this move would
deserve its share of criticism, as it is weaker than the objectively better
knight retreat to c2. Young optimists prefer to push forward..} (17. Nc2 $1 Nc5
18. Nce3 $16) 17... fxe6 18. fxe6 Nc5 19. Bf5 (19. Rxf6 Rxf6 (19... Bxf6 20. e7
Bxe7 21. Bxh7+ Kxh7 22. Qh5+ Kg8 23. Qg6+ Kh8 24. Qh6+ $11) 20. Bxh7+ Kxh7 21.
Nxf6+ Bxf6 22. Qh5+ Kg7 23. Qf7+ Kh8 24. Qh5+ $11) 19... Kh8 (19... Nxd5 20.
cxd5 (20. Bxh7+ Kxh7 21. Qh5+ $11) 20... Rxf5 21. Rxf5 Bxd5 22. Bh6 Kh8 $11)
20. Rc3 Nxd5 (20... Bxd5 21. cxd5 Nxd5 22. Rh3 Rxf5 23. Rxf5 Nf6 24. Rxf6 Bxf6
25. Rxh7+ Kxh7 26. Qh5+ $11) 21. cxd5 Bxd5 22. Rh3 {The black king is not
enjoying tha fact that all the white pieces are directed to his annihilation.}
Bh4 (22... Rxf5 23. Rxf5 Qg8 24. Rf7 Bxe6 25. Rfxh7+ Qxh7 26. Rxh7+ Kxh7 27.
Qh5+ Kg8 28. Bh6 $18) 23. Be1 Rg8 $2 {[%mdl 256] The experienced Kveinis was
not able to find his way through a plethora of defensive options. Objectively
best was to capture the e6-pawn with the bishop. with fairly even chances.} (
23... Bxe6 $1 24. Bxh4 Qd7 25. Bxe6 Qxe6 26. Rhf3 Nd7 $11) (23... Bg5 $2 24.
Rxh7+ Kg8 25. Qh5 Qf6 26. h4 $18) (23... Nxe6 24. Bxh4 Qd7 25. Qd1 (25. Bxh7
Nf4 26. Rxf4 Qxh3 27. Be4 Bxe4 28. Qxe4 Qe6 29. Bf6+ Rxf6 30. Rxf6 Qxf6 31.
Qxa8+ Kg7 $11) 25... Qc6 26. Rg3 Ng7 27. Bd3 $14) 24. Bxh4 Rxg2 25. Qxg2 Bxg2+
26. Kxg2 Qf8 {The result of the operation is rather sad as the lonely queen
will try to avert aggression by the four strong attacking white pieces.} (26...
Qg8+ 27. Rg3 Qf8 28. e7 Qf7 29. Bc8 $18) 27. Bg6 (27. e7 Qf7 28. Rg3 $18) 27...
Nxe6 (27... Qc8 28. Bf6+ Kg8 29. Bxh7+ Kf8 30. Bg5+ $18) 28. Bf6+ Kg8 29. Bxh7+
Kf7 30. Bxe5+ {Black has found a good moment to resign as he will end up
missing the whole piece.} (30. Bxe5+ Ke7 31. Rxf8 Rxf8 32. Bg3 $18) 1-0

[Event "Rostock-08 IM Group"]
[Site "Rostock"]
[Date "1982.08.18"]
[Round "5"]
[White "Lanc, Alois"]
[Black "Heinig, Wolfram"]
[Result "1-0"]
[WhiteElo "2410"]
[BlackElo "2355"]
[Annotator "Ftacnik,L"]
[PlyCount "115"]
[EventDate "1982.08.14"]
[EventType "tourn"]
[EventRounds "9"]
[EventCountry "DDR"]
[EventCategory "4"]
[SourceTitle "MCL"]
[Source "ChessBase"]
[SourceDate "1999.07.01"]
[SourceVersion "1"]
[SourceVersionDate "1999.07.01"]
[SourceQuality "1"]

1. e4 c5 2. Nf3 e6 3. d4 cxd4 4. Nxd4 a6 5. Bd3 Nf6 6. O-O d6 7. c4 Be7 8. Qe2
Nc6 (8... O-O) 9. Nxc6 bxc6 10. Re1 e5 11. Nd2 O-O 12. Nf1 a5 13. Bd2 Nd7 14.
Bc3 Nc5 15. Bc2 Qb6 16. Ne3 Rd8 17. Rad1 Be6 18. g3 Bf8 19. h4 a4 20. Kh2 a3
21. b3 Na6 22. f4 f6 23. f5 Bf7 24. g4 Nb4 25. Bxb4 Qxb4 26. g5 d5 $2 (26...
Kh8) 27. exd5 cxd5 28. g6 $1 Be8 29. Nxd5 Rxd5 30. Rxd5 Rc8 31. Be4 h6 32. Red1
Be7 33. Qf3 Kf8 34. R5d3 Qb8 35. Kh3 Bc5 36. Bd5 Bd4 37. Qg4 Bd7 38. Be4 Qb6
39. Qg2 Rd8 40. Qd2 Qc5 41. Kg4 Ke7 42. h5 Bc8 43. Rc1 Qa7 44. b4 Bd7 45. b5
Qc5 46. Qc2 Rc8 47. Qb3 Bb2 48. Rcd1 Be8 49. Bd5 Bd7 50. b6 Qf2 51. Bf3 Bd4 52.
b7 Rb8 53. Rxd4 exd4 54. Qb4+ Kd8 55. Qa5+ Ke8 56. Re1+ Kf8 57. Qc5+ Kg8 58.
Bd5+ 1-0

[Event "CHN-RUS Summit Men 1st"]
[Site "Shanghai"]
[Date "2001.09.08"]
[Round "2"]
[White "Motylev, Alexander"]
[Black "Ye, Jiangchuan"]
[Result "1-0"]
[WhiteElo "2627"]
[BlackElo "2677"]
[Annotator "Ftacnik,L"]
[PlyCount "49"]
[EventDate "2001.09.07"]
[EventType "schev"]
[EventRounds "6"]
[EventCountry "CHN"]
[SourceTitle "CBM 085"]
[Source "ChessBase"]
[SourceDate "2001.11.13"]
[SourceVersion "1"]
[SourceVersionDate "2001.11.13"]
[SourceQuality "1"]

1. e4 c5 2. Nf3 e6 3. d4 cxd4 4. Nxd4 a6 5. Bd3 g6 6. c4 Bg7 7. Ne2 Nf6 8. O-O
O-O 9. Nbc3 Nc6 10. Bg5 h6 11. Bh4 Qc7 12. Rc1 Nh5 13. f4 f5 (13... Qb6+ $6 14.
Bf2 Qxb2 15. Bc5 d6 (15... Re8 16. Rc2 $18) 16. Bxd6 Bxc3 17. Nxc3 Rd8 18. e5
$16) 14. Kh1 Nd8 $2 {[%mdl 16384] This antipositional transfer of the knight
will have very serious consequences, white pieces are suddenly getting
undreamed freedoms.} (14... fxe4 15. Bxe4 Nxf4 16. Nxf4 Rxf4 17. Bg3 $1 Rxf1+
18. Qxf1 Ne5 19. Bxe5 Qxe5 20. Bxg6 $14) (14... b6 15. Qd2 $14) 15. c5 $1 Nf7 (
15... Qxc5 16. Nd5 Qa5 17. Ne7+ Kh7 18. Nxc8 $18) 16. exf5 gxf5 (16... exf5 17.
Nd5 Qa5 18. Ne7+ Kh7 19. Nxg6 $1 Kxg6 20. Bxf5+ $1 Kxf5 21. Qd3+ Ke6 22. f5+
Ke5 23. Qd4#) 17. Bxf5 $1 Bf6 (17... exf5 18. Nd5 Qa5 19. Nec3 $1 $18 Ng3+ 20.
hxg3 Qxc5 21. Qh5 $18) 18. Nd4 (18. Bxf6 Nxf6 19. Be4 $18) 18... Bxd4 (18...
exf5 19. Qxh5 $18) (18... Bxh4 19. Qxh5 exf5 20. Qg6+ Kh8 21. Nd5 Qd8 22. Nxf5
Rg8 23. Qxf7 $18) 19. Qxh5 {Black is helpless against the devastating attack
of the enemy pieces, that are enviously active.} Nh8 (19... exf5 20. Qg6+ Kh8
21. Nd5 Qc6 22. Nf6 $18) 20. Bd3 Bg7 (20... Qxc5 21. Qxh6 $18 Rf7 22. Nb5 Qb6
23. Nxd4 Qxd4 24. Rf3 $18) 21. Be7 Rf7 22. Qh4 d5 (22... Qa5 23. f5 $18) 23.
cxd6 Qb6 24. f5 Qxb2 (24... exf5 25. Bc4 Qxb2 26. Bf6 $18) 25. f6 1-0